Marques de voiture - Statistiques

Statistiques générales
  • Ce quiz a été pris 480 fois
  • Le résultat moyen est 17 sur 20
Statistiques - réponses
Par images Réponse % Correct
Ferrari
98%
Peugeot
98%
Renault
98%
Citroën
97%
Porsche
95%
BMW
93%
Lamborghini
93%
Audi
91%
Dacia
89%
Honda
87%
Mercedes
87%
Chevrolet
84%
Ford
84%
Volkswagen
83%
Rolls Royce
81%
Bentley
71%
Aston Martin
69%
Dodge
64%
Nissan
63%
Subaru
53%
Aucun quiz correspondant
Distribution des résultats
% des personnes avec chaque résultat
Percentile par nombre de réponses
Votre historique - résultats
Vous n’avez pas pris ce quiz